000 00273nam a22001337a 4500
008 170713b xxu||||| |||| 00| 0 eng d
020 _a9780415036870
041 _aeng
080 _a101
100 _a24
101 _aFIL
245 _aHUME
_cSTROUD, B
942 _2udc
_cBK
999 _c20640
_d20640